<?xml version="1.0" encoding="UTF-8"?>
<record
    xmlns:xsi="http://www.w3.org/2001/XMLSchema-instance"
    xsi:schemaLocation="http://www.loc.gov/MARC21/slim http://www.loc.gov/standards/marcxml/schema/MARC21slim.xsd"
    xmlns="http://www.loc.gov/MARC21/slim">

  <leader>00882nam a22001937a 4500</leader>
  <datafield tag="999" ind1=" " ind2=" ">
    <subfield code="c">176557</subfield>
    <subfield code="d">176557</subfield>
  </datafield>
  <controlfield tag="005">20210128111329.0</controlfield>
  <datafield tag="010" ind1=" " ind2=" ">
    <subfield code="a">UR-10992</subfield>
  </datafield>
  <datafield tag="020" ind1=" " ind2=" ">
    <subfield code="c">300.00</subfield>
    <subfield code="a">-</subfield>
  </datafield>
  <datafield tag="035" ind1=" " ind2=" ">
    <subfield code="a">U-9547</subfield>
  </datafield>
  <datafield tag="037" ind1=" " ind2=" ">
    <subfield code="b">DBAD/PUB</subfield>
  </datafield>
  <datafield tag="082" ind1=" " ind2=" ">
    <subfield code="a">840.8</subfield>
  </datafield>
  <datafield tag="100" ind1=" " ind2=" ">
    <subfield code="a">&#x62A;&#x628;&#x6C1;: &#x639;&#x628;&#x62F; &#x627;&#x644;&#x62D;&#x642;&#x60C;&#x627; &#x646;&#x648; &#x627; &#x631; &#x627; &#x62D;&#x645;&#x62F;&#x60C;&#x627; &#x64A;&#x633; &#x627; &#x642;&#x628;&#x627; &#x644; &#x642;&#x631; &#x64A;&#x634;&#x6CC;&#x60C;&#x633;&#x631; &#x641;&#x631; &#x627; &#x632; &#x62C;&#x627; &#x648; &#x64A;&#x62F; -&#x645;&#x62D;&#x645;&#x62F; &#x634;&#x627; &#x6C1;&#x62F; &#x62E;&#x627; &#x646;</subfield>
  </datafield>
  <datafield tag="245" ind1=" " ind2=" ">
    <subfield code="a">&#x646;&#x632; &#x631; &#x645;&#x634;&#x62A;&#x627; &#x642; &#x627; &#x62D;&#x645;&#x62F; </subfield>
    <subfield code="c">&#x645;&#x631; &#x62A;&#x628;&#x6C1;: &#x639;&#x628;&#x62F; &#x627;&#x644;&#x62D;&#x642;&#x60C;&#x627; &#x646;&#x648; &#x627; &#x631; &#x627; &#x62D;&#x645;&#x62F;&#x60C;&#x627; &#x64A;&#x633; &#x627; &#x642;&#x628;&#x627; &#x644; &#x642;&#x631; &#x64A;&#x634;&#x6CC;&#x60C;&#x633;&#x631; &#x641;&#x631; &#x627; &#x632; &#x62C;&#x627; &#x648; &#x64A;&#x62F; -&#x645;&#x62D;&#x645;&#x62F; &#x634;&#x627; &#x6C1;&#x62F; &#x62E;&#x627; &#x646; </subfield>
  </datafield>
  <datafield tag="246" ind1=" " ind2=" ">
    <subfield code="b">Nazer-e-Mushtaq Ahmed  (Urdu)</subfield>
    <subfield code="a">Edited by Abdul Haq Anwar Ahmed</subfield>
  </datafield>
  <datafield tag="260" ind1=" " ind2=" ">
    <subfield code="a">Gujrat </subfield>
    <subfield code="b">Shams Grup of School</subfield>
    <subfield code="c">2020 &#x621;</subfield>
  </datafield>
  <datafield tag="270" ind1=" " ind2=" ">
    <subfield code="a">Shams Grup of School,Rakhial Road,Crossing,</subfield>
    <subfield code="b">Ahmedabad</subfield>
    <subfield code="e">380023</subfield>
    <subfield code="l">9327040143</subfield>
  </datafield>
  <datafield tag="300" ind1=" " ind2=" ">
    <subfield code="a">224 &#x635; </subfield>
    <subfield code="c">22 Cm(Hb)</subfield>
  </datafield>
  <datafield tag="942" ind1=" " ind2=" ">
    <subfield code="2">ddc</subfield>
    <subfield code="c">UR</subfield>
    <subfield code="h">840.8</subfield>
    <subfield code="m">&#x646; &#x632; &#x631; </subfield>
  </datafield>
  <datafield tag="952" ind1=" " ind2=" ">
    <subfield code="0">0</subfield>
    <subfield code="1">0</subfield>
    <subfield code="4">0</subfield>
    <subfield code="7">0</subfield>
    <subfield code="8">NFIC</subfield>
    <subfield code="a">DBAD</subfield>
    <subfield code="b">DBAD</subfield>
    <subfield code="d">2021-01-07</subfield>
    <subfield code="e">DBAD/PUB</subfield>
    <subfield code="g">300.00</subfield>
    <subfield code="l">0</subfield>
    <subfield code="o">840.8 &#x646; &#x632; &#x631;</subfield>
    <subfield code="p">U-9547</subfield>
    <subfield code="r">2021-01-07 00:00:00</subfield>
    <subfield code="t">1</subfield>
    <subfield code="v">300.00</subfield>
    <subfield code="w">2021-01-07</subfield>
    <subfield code="y">UR</subfield>
  </datafield>
</record>
